000 00286nam a22001337a 4500
008 171010b xxu||||| |||| 00| 0 eng d
020 _a9780205610617
041 _aeng
080 _23RD
_a316
100 _a50
101 _aSOC
245 _aSEX MATTERS
_cSTOMBLER.M
942 _2udc
_cBK
999 _c32829
_d32829